000 00472pam a2200157a 44500
008 230515b1999 xxu||||| |||| 00| 0 eng d
020 _aNULL
041 _aENGLISH
082 _a572
100 _aJ MICHAEL MILLER
245 _aA GIUIDE TO SPECIMEN MANAGEMENT IN CLINICAL MICROBILOGY
250 _aII
260 _aWASHINGTON DC
_bASM AMERICAN SOCIETY FOR MICROBIOLOGY
_c1999
300 _aXIV,185
650 _aA GIUIDE TO SPECIMEN MANAGEMENT IN CLINICAL MICROBILOGY
999 _c568153
_d568153